|
|
|
|
| LEADER |
00906nab#a2200301#ar4500 |
| 001 |
000074489 |
| 003 |
SVKKK |
| 005 |
20041220xxxxxxx. |
| 008 |
06 c xo huno |
| FMT |
|
|
|
| 038 |
|
|
|a SVKKK
|
| 040 |
|
|
|a SVKKK
|b slo
|e AACR2
|
| 041 |
0 |
|
|a hun
|
| 044 |
|
|
|a xo
|c SK
|
| 080 |
|
|
|a 347.962
|
| 242 |
1 |
0 |
|a Testament jedného humanistu
|
| 245 |
0 |
0 |
|a Egy nagy emberbarát végrendelete
|
| 500 |
|
|
|a mikrofilm
|
| 520 |
2 |
|
|a Testament humanistu, advokáta zo Sečoviec Dezidera Keménya. Jeho pozostatky uložené v Mníchove. 300 tisíc dal na dobročinnosť a ostatok prešiel na jeho sestru Terezu Klein.
|
| 650 |
0 |
4 |
|a testamenty - Kemény, Dezider (advokát) - Sečovce (TV) - popis
|
| 773 |
0 |
|
|t Felvidéki Hirlap
|g Roč. 7, č. 17 (03.05.1914) s. 2
|
| 957 |
|
|
|a Sečovce
|
| 958 |
|
|
|a DG
|
| 958 |
|
|
|a SK
|
| 974 |
|
|
|a Ba
|d 20041220
|
| 992 |
|
|
|a RBX
|
| BAS |
|
|
|
| 998 |
|
|
|a RETRO
|